Mathematical excursions/ (Record no. 28417)

000 -LEADER
fixed length control field 01022cam a22002774a 4500
001 - CONTROL NUMBER
control field 14132964
005 - DATE AND TIME OF LATEST TRANSACTION
control field 20170302161720.0
008 - FIXED-LENGTH DATA ELEMENTS--GENERAL INFORMATION
fixed length control field 051005s2007 maua 001 0 eng
010 ## - LIBRARY OF CONGRESS CONTROL NUMBER
LC control number 2005935201
020 ## - INTERNATIONAL STANDARD BOOK NUMBER
International Standard Book Number 9780618608539 (student text)
020 ## - INTERNATIONAL STANDARD BOOK NUMBER
International Standard Book Number 0618608532 (student text)
020 ## - INTERNATIONAL STANDARD BOOK NUMBER
International Standard Book Number 9780618608546 (instructor's annotated ed.)
020 ## - INTERNATIONAL STANDARD BOOK NUMBER
International Standard Book Number 0618608540 (instructor's annotated ed.)
040 ## - CATALOGING SOURCE
Original cataloging agency DLC
Transcribing agency DLC
Modifying agency DLC
050 00 - LIBRARY OF CONGRESS CALL NUMBER
Classification number QA11.2
Item number .M2765 2007
245 00 - TITLE STATEMENT
Title Mathematical excursions/
250 ## - EDITION STATEMENT
Edition statement 2nd ed. /
Remainder of edition statement Richard Aufmann ... [et al.].
260 ## - PUBLICATION, DISTRIBUTION, ETC. (IMPRINT)
Place of publication, distribution, etc. Boston :
Name of publisher, distributor, etc. Houghton Mifflin,
Date of publication, distribution, etc. c2007.
300 ## - PHYSICAL DESCRIPTION
Extent xxiv, 939, 53, 73, 2, 10 p. :
Other physical details ill. (chiefly col.) ;
Dimensions 27 cm.
500 ## - GENERAL NOTE
General note Includes indexes.
650 #0 - SUBJECT ADDED ENTRY--TOPICAL TERM
Topical term or geographic name as entry element Mathematics
Form subdivision Textbooks.
650 #0 - SUBJECT ADDED ENTRY--TOPICAL TERM
Topical term or geographic name as entry element Mathematics
Form subdivision Problems, exercises, etc.
700 1# - ADDED ENTRY--PERSONAL NAME
Personal name Aufmann, Richard N.
906 ## - LOCAL DATA ELEMENT F, LDF (RLIN)
a 7
b cbc
c orignew
d 3
e epcn
f 20
g y-gencatlg
942 ## - ADDED ENTRY ELEMENTS (KOHA)
Source of classification or shelving scheme
Koha item type Hard Covered Materials
Classification part QA11.2 .A94 2007
Holdings
Withdrawn status Lost status Source of classification or shelving scheme Damaged status Not for loan Home library Current library Shelving location Date acquired Source of acquisition Total Checkouts Full call number Barcode Date last seen Price effective from Koha item type
          MACHAKOS UNIVERSITY LIBRARY MACHAKOS UNIVERSITY LIBRARY Technical section 02/03/2017 Donation (B.F.A)   QA11.2 .A94 2007 36272 10/07/2018 02/03/2017 Hard Covered Materials
© Machakos University Library, Along The Highway, Machakos Wote Rd, Machakos, Kenya P.O. Box 136 - 90100 Machakos - Kenya

Tel: ( +254 ) 723 805829 OR Fax : 044-20353 OR Email: library@mksu.ac.ke